000 01673nam0a2200313 4500
001 RU\NLR\bibl\1357802
005 20260405133025.0
010 _a978-5-292-03865-8
_9150
021 _aRU
_b2009-14564
_9864
035 _a(NLR Aleph) 001349993
090 _a914714
_c914714
100 _a20090417d2008 |||y0rusy50 ca
101 0 _arus
102 _aRU
105 _aa |||||||||
200 1 _aЗаконы сохранения в механике
_eучебное пособие для слушателей 10 классов Заочной физико-математической школы при Саратовском государственном университете
_fА.Е. Васильев, Б.Е. Железовский, В.А. Рачков
_gСарат. гос. ун-т им. Н.Г. Чернышевского
210 _aСаратов
_cИзд-во Саратовского университета
_d2008
215 _a58, [1] с.
_cил.
_d21
320 _aБиблиогр.: с. 57
606 1 _aМеханика
_jУчебные издания для заочного обучения
_xСохранения законы
_92234679
_3RU\NLR\auth\661341159
686 _aВ23я728-1
700 1 _4070
_8rus
_7ca
_aВасильев
_bА. Е.
_cканд. техн. наук, физика
_f1948-
_gАлександр Евгеньевич
_3RU\NLR\auth\7753766
_936698
701 1 _aЖелезовский
_bБ. Е.
_gБорис Емельянович
_4070
701 1 _aРачков
_bВ. А.
_gВалерий Александрович
_4070
801 0 _aRU
_bNLR
_c20090417
_gRCR
801 1 _aRU
_bNLR
_c20090417
942 _cBOOK
980 _aNB